Sri Lanka : Second and Third Reviews Under the Stand-By Arrangement-Staff Report; Press Release on the Executive Board Discussion; and Statement by the Executive Director for Sri Lanka.

Economic conditions are improving in Sri Lanka, and are likely to show strong growth. The current account remains strong, and tourism arrivals are rapidly improving. Monetary conditions are stable, and the central bank's policy stance is appropriate. Reforming the board of investment will addre...

Volledige beschrijving

Bibliografische gegevens
Coauteur: International Monetary Fund
Formaat: Tijdschrift
Taal:English
Gepubliceerd in: Washington, D.C. : International Monetary Fund, 2010.
Reeks:IMF Staff Country Reports; Country Report ; No. 2010/333
Online toegang:Full text available on IMF
LEADER 01737cas a2200241 a 4500
001 AALejournalIMF006808
008 230101c9999 xx r poo 0 0eng d
020 |c 5.00 USD 
020 |z 9781455208593 
022 |a 1934-7685 
040 |a BD-DhAAL  |c BD-DhAAL 
110 2 |a International Monetary Fund. 
245 1 0 |a Sri Lanka :   |b Second and Third Reviews Under the Stand-By Arrangement-Staff Report; Press Release on the Executive Board Discussion; and Statement by the Executive Director for Sri Lanka. 
264 1 |a Washington, D.C. :  |b International Monetary Fund,  |c 2010. 
300 |a 1 online resource (52 pages) 
490 1 |a IMF Staff Country Reports 
500 |a <strong>Off-Campus Access:</strong> No User ID or Password Required 
500 |a <strong>On-Campus Access:</strong> No User ID or Password Required 
506 |a Electronic access restricted to authorized BRAC University faculty, staff and students 
520 3 |a Economic conditions are improving in Sri Lanka, and are likely to show strong growth. The current account remains strong, and tourism arrivals are rapidly improving. Monetary conditions are stable, and the central bank's policy stance is appropriate. Reforming the board of investment will address the factors that have eroded the tax base and discouraged domestic investors. Fiscal policy adjustment is needed. Tax reform will put in place legislative changes to permanently reform tax concessions. Financial sector reform has continued in line with the program. 
538 |a Mode of access: Internet 
830 0 |a IMF Staff Country Reports; Country Report ;  |v No. 2010/333 
856 4 0 |z Full text available on IMF  |u http://elibrary.imf.org/view/journals/002/2010/333/002.2010.issue-333-en.xml  |z IMF e-Library